Migrační režim EU v kontextu trvalého výjimečného stavu

Spoločná azylová a migračná politika Európskej únie (AMPEU) ako medzinárodný režim. Schéma migračného režimu EÚ. Vládnutie a výnimočný stav. Riadenie migračnej vlny v EÚ. Hrozba zániku režimu a jeho konsolidácia.

Saved in:
Bibliographic Details
Main Author: Kaleta, Ondřej
Format: Book Chapter
Language:Czech
Subjects:
Tags: Add Tag
No Tags, Be the first to tag this record!

MARC

LEADER 00000naa a2200000 4500
001 0234906
005 20220805075854.4
041 0 |a cze 
044 |a CZ 
245 1 0 |a Migrační režim EU v kontextu trvalého výjimečného stavu  |c Ondřej Kaleta 
520 |a Spoločná azylová a migračná politika Európskej únie (AMPEU) ako medzinárodný režim. Schéma migračného režimu EÚ. Vládnutie a výnimočný stav. Riadenie migračnej vlny v EÚ. Hrozba zániku režimu a jeho konsolidácia. 
610 2 0 |a migrácia 
610 2 0 |a migrácia nelegálna 
610 2 0 |a utečenci 
610 2 0 |a politika azylová 
610 2 0 |a politika medzinárodná 
610 2 0 |a spolupráca medzinárodná 
610 2 0 |a Európska únia 
100 1 |a Kaleta, Ondřej